|
|
|
|
| LEADER |
00946nam a2200325 4500 |
| 001 |
DLU090074596 |
| 005 |
##20090601 |
| 040 |
# |
# |
|a DLU
|b vie
|
| 041 |
# |
# |
|a vie
|
| 044 |
# |
# |
|a vn
|
| 082 |
# |
# |
|a 338.5
|b NG-M
|
| 100 |
# |
# |
|a Nguyễn Khắc Minh,
|c GS.TS.
|
| 245 |
# |
# |
|a Kinh tế học vi mô :
|b Dùng cho hệ đào tạo sau đại học khối ngành kinh tế và quản trị kinh doanh /
|c Nguyễn Khắc Minh, Phạm Văn Minh, Cao Thuý Xiêm.
|
| 260 |
# |
# |
|a H. :
|b Giáo dục,
|c 2008.
|
| 300 |
# |
# |
|a 399 tr. ;
|c 24 cm.
|
| 504 |
# |
# |
|a Tài liệu tham khảo: tr. 396.
|
| 650 |
# |
# |
|a Kinh tế vi mô
|v Giáo trình
|
| 700 |
# |
# |
|a Cao Thuý Xiêm,
|c PGS.TS.
|
| 700 |
# |
# |
|a Phạm Văn Minh,
|c PGS.TS.
|
| 923 |
# |
# |
|a 04/2009
|
| 991 |
# |
# |
|a GT
|
| 992 |
# |
# |
|a 52500
|
| 994 |
# |
# |
|a DLU
|
| 900 |
# |
# |
|a True
|
| 911 |
# |
# |
|a Đào Thị Thu Huyền
|
| 925 |
# |
# |
|a G
|
| 926 |
# |
# |
|a A
|
| 927 |
# |
# |
|a SH
|
| 980 |
# |
# |
|a Thư viện Trường Đại học Đà Lạt
|